Văn hoá dân gian xứ Nghệ. t.V, Văn hoá ẩm thực /
Tallennettuna:
| Päätekijä: | |
|---|---|
| Aineistotyyppi: | Sách giấy |
| Kieli: | Vietnamese |
| Julkaistu: |
H. :
Văn hoá - Thông tin,
2012.
|
| Aiheet: | |
| Tagit: |
Lisää tagi
Ei tageja, Lisää ensimmäinen tagi!
|
| Thư viện lưu trữ: | Thư viện Trường Đại học Đà Lạt |
|---|
| LEADER | 00860nam a2200325 4500 | ||
|---|---|---|---|
| 001 | DLU120143959 | ||
| 005 | ##20121121 | ||
| 020 | # | # | |a 9786045001233 |
| 040 | # | # | |a DLU |b vie |
| 041 | # | # | |a vie |
| 044 | # | # | |a vn |
| 082 | # | # | |a 390.095 97 |b NI-G |
| 100 | # | # | |a Ninh Viết Giao. |
| 245 | # | # | |a Văn hoá dân gian xứ Nghệ. |n t.V, |p Văn hoá ẩm thực / |c Ninh Viết Giao. |
| 260 | # | # | |a H. : |b Văn hoá - Thông tin, |c 2012. |
| 300 | # | # | |a 362 tr. ; |c 21 cm. |
| 650 | # | # | |a Văn hoá dân gian |z Việt Nam |z Nghệ An. |
| 651 | # | # | |a Nghệ An (Việt Nam) |x Đời sống xã hội và tập quán. |
| 923 | # | # | |a 05/2012 |
| 990 | # | # | |a t.V |
| 991 | # | # | |a SH |
| 992 | # | # | |a 14500 |
| 994 | # | # | |a DLU |
| 900 | # | # | |a True |
| 911 | # | # | |a Đào Thị Thu Huyền |
| 925 | # | # | |a G |
| 926 | # | # | |a A |
| 927 | # | # | |a SH |
| 980 | # | # | |a Thư viện Trường Đại học Đà Lạt |


